New Progresssive primary English ; Learners Book Grade 1 (Record no. 59930)

MARC details
000 -LEADER
fixed length control field 00252 a2200097 4500
005 - DATE AND TIME OF LATEST TRANSACTION
control field 20251113092948.0
020 ## - INTERNATIONAL STANDARD BOOK NUMBER
International Standard Book Number 9789914444148
245 ## - TITLE STATEMENT
Title New Progresssive primary English ; Learners Book Grade 1
260 ## - PUBLICATION, DISTRIBUTION, ETC. (IMPRINT)
Name of publisher, distributor, etc Oxford University Press
Date of publication, distribution, etc 2024
942 ## - ADDED ENTRY ELEMENTS (KOHA)
Koha item type Book

No items available.